Govt. of
Madhya Pradesh

Tales of crime and detection (Record no. 56752)

MARC details
000 -LEADER
fixed length control field 00399nam a22001577a 4500
003 - CONTROL NUMBER IDENTIFIER
control field macl
005 - DATE AND TIME OF LATEST TRANSACTION
control field 20170715125722.0
008 - FIXED-LENGTH DATA ELEMENTS--GENERAL INFORMATION
fixed length control field 170715b xxu||||| |||| 00| 0 eng d
040 ## - CATALOGING SOURCE
Transcribing agency macl
082 ## - DEWEY DECIMAL CLASSIFICATION NUMBER
Classification number 823/OXF
100 ## - MAIN ENTRY--PERSONAL NAME
Personal name Oxford University press
9 (RLIN) 68230
245 ## - TITLE STATEMENT
Title Tales of crime and detection
260 ## - PUBLICATION, DISTRIBUTION, ETC. (IMPRINT)
Place of publication, distribution, etc. Delhi
Name of publisher, distributor, etc. Oxford University press
Date of publication, distribution, etc. 1977
650 ## - SUBJECT ADDED ENTRY--TOPICAL TERM
Topical term or geographic name as entry element Story
9 (RLIN) 68231
942 ## - ADDED ENTRY ELEMENTS (KOHA)
Source of classification or shelving scheme
Koha item type Books
Holdings
Withdrawn status Lost status Source of classification or shelving scheme Damaged status Not for loan Home library Current library Date acquired Total Checkouts Full call number Barcode Date last seen Price effective from Koha item type
          MACL MACL 15/07/2017   823/OXF CLE016228 15/07/2017 15/07/2017 Books